000 00616nam a2200229Ia 4500
005 20260429111951.0
008 260429s9999||||xx |||||||||||||| ||und||
020 _a9781260565973
041 _aEnglish
082 _a590
_bHIC
100 _aHickman, Cleveland P.
245 0 _aIntegrated principles of zoology /
_cCleveland P. Hickman
250 _a18th ed.
260 _aUnited States :
_bMcGraw Hill,
_c2019.
300 _axiii, 844 p.; pbk
650 _aZoology
700 _a Eisenhour, David J.
700 _a I'anson, Helen
700 _a Keen, Susan L.
700 _a Larson, Allan
942 _cTB
999 _c51662
_d51662